<?xml version="1.0" encoding="UTF-8"?>
<record
    xmlns:xsi="http://www.w3.org/2001/XMLSchema-instance"
    xsi:schemaLocation="http://www.loc.gov/MARC21/slim http://www.loc.gov/standards/marcxml/schema/MARC21slim.xsd"
    xmlns="http://www.loc.gov/MARC21/slim">

  <leader>02241cam a2200337 a 4500</leader>
  <controlfield tag="001">15781106</controlfield>
  <controlfield tag="003">3228</controlfield>
  <controlfield tag="005">20260313094613.0</controlfield>
  <controlfield tag="008">090618s2009    sa       b    000 0 eng d</controlfield>
  <datafield tag="020" ind1=" " ind2=" ">
    <subfield code="a">9781770096479</subfield>
    <subfield code="q">pbk</subfield>
  </datafield>
  <datafield tag="020" ind1=" " ind2=" ">
    <subfield code="a">9781770096479</subfield>
    <subfield code="q">pbk</subfield>
  </datafield>
  <datafield tag="040" ind1=" " ind2=" ">
    <subfield code="a">RDA</subfield>
    <subfield code="c">3228</subfield>
  </datafield>
  <datafield tag="041" ind1=" " ind2=" ">
    <subfield code="2">E</subfield>
  </datafield>
  <datafield tag="082" ind1="0" ind2="4">
    <subfield code="a">338.968 ZUMA</subfield>
  </datafield>
  <datafield tag="100" ind1=" " ind2=" ">
    <subfield code="a">Parsons, Raymond (editor)</subfield>
  </datafield>
  <datafield tag="245" ind1="0" ind2="0">
    <subfield code="a">Zumanomics :</subfield>
    <subfield code="b">which way to shared prosperity in South Africa? : challenges for a new government /</subfield>
    <subfield code="c">edited by Raymond Parsons.</subfield>
  </datafield>
  <datafield tag="260" ind1=" " ind2=" ">
    <subfield code="a">Auckland Park, South Africa :</subfield>
    <subfield code="b">Jacana Media;</subfield>
    <subfield code="c">2009.</subfield>
  </datafield>
  <datafield tag="300" ind1=" " ind2=" ">
    <subfield code="a">vi, 218 pages. ;</subfield>
    <subfield code="c">24 cm.</subfield>
  </datafield>
  <datafield tag="504" ind1=" " ind2=" ">
    <subfield code="a">Includes bibliographical references.</subfield>
  </datafield>
  <datafield tag="505" ind1="0" ind2=" ">
    <subfield code="a">Overture: theme and variations / Raymond Parsons -- South Africa's economic performance since 1994: can we do better? / Charlotte du Toit and Johann van Tonder -- Economic policy: some lessons from Southeast Asia / Lefentse Nokaneng and Chris Harmse -- Inflation targeting: a pillar of post-Polokwane prosperity / Stan du Plessis -- Fiscal policy beyond 2008: prospects, risks and opportunities / Iraj Abedian and Tania Ajam -- Trade, industrial and competition policy / Riaan de Lange and Reyno Seymore -- Industrial policy and national competitiveness: the spatial dimension / Glen Robbins -- Labour policy and job creation: too many holy cows / Carel van Aardt -- Health policy and growth / Oludele A. Akinboade, Thabisa Tokwe and Mandisa Mokwena -- Politics and human-oriented development / Adam Habib -- The role of the state / Raymond Parsons -- Recapitulation and coda: 70 key findings and recommendations.</subfield>
  </datafield>
  <datafield tag="651" ind1=" " ind2="0">
    <subfield code="a">South Africa</subfield>
    <subfield code="x">Economic policy.</subfield>
    <subfield code="9">182059</subfield>
  </datafield>
  <datafield tag="651" ind1=" " ind2="0">
    <subfield code="a">South Africa</subfield>
    <subfield code="x">Economic conditions</subfield>
    <subfield code="y">21st century.</subfield>
    <subfield code="9">182060</subfield>
  </datafield>
  <datafield tag="651" ind1=" " ind2="0">
    <subfield code="a">South Africa</subfield>
    <subfield code="x">Politics and government</subfield>
    <subfield code="y">21st century.</subfield>
  </datafield>
  <datafield tag="700" ind1="1" ind2=" ">
    <subfield code="a">Parsons, Raymond.</subfield>
  </datafield>
  <datafield tag="856" ind1="4" ind2="2">
    <subfield code="3">Contributor biographical information</subfield>
    <subfield code="u">http://www.loc.gov/catdir/enhancements/fy1004/2009451290-b.html</subfield>
  </datafield>
  <datafield tag="856" ind1="4" ind2="2">
    <subfield code="3">Publisher description</subfield>
    <subfield code="u">http://www.loc.gov/catdir/enhancements/fy1004/2009451290-d.html</subfield>
  </datafield>
  <datafield tag="942" ind1=" " ind2=" ">
    <subfield code="w">406</subfield>
    <subfield code="x">Sifiso Ndbele</subfield>
    <subfield code="y">367</subfield>
    <subfield code="z">Ellen Msibi</subfield>
  </datafield>
  <datafield tag="942" ind1=" " ind2=" ">
    <subfield code="2">ddc</subfield>
  </datafield>
  <datafield tag="942" ind1=" " ind2=" ">
    <subfield code="2">ddc</subfield>
    <subfield code="c">BOOK</subfield>
  </datafield>
  <datafield tag="999" ind1=" " ind2=" ">
    <subfield code="c">757508</subfield>
    <subfield code="d">757507</subfield>
  </datafield>
  <datafield tag="952" ind1=" " ind2=" ">
    <subfield code="0">0</subfield>
    <subfield code="1">0</subfield>
    <subfield code="2">ddc</subfield>
    <subfield code="4">0</subfield>
    <subfield code="7">0</subfield>
    <subfield code="8">300</subfield>
    <subfield code="a">MKHWL</subfield>
    <subfield code="b">MKHWL</subfield>
    <subfield code="c">Non_Fiction</subfield>
    <subfield code="d">2024-07-04</subfield>
    <subfield code="l">0</subfield>
    <subfield code="o">338.968 ZUMA</subfield>
    <subfield code="p">33228031140317</subfield>
    <subfield code="r">2024-07-04</subfield>
    <subfield code="w">2024-07-04</subfield>
    <subfield code="y">BOOK</subfield>
  </datafield>
</record>
